Lions, Tigers, and Bears Quiz Stats

 Plays Quiz Updated Aug 14, 2018

Score 0/30 Timer 06:00
4 Plays Today
Clue Guess % Correct
Winner of 14 PGA MajorsTiger Woods
91.6%
Thinks Frosted Flakes are GRRRREAT!Tony the Tiger
88.5%
Windy City football teamChicago Bears
88.2%
1994 Disney animated filmThe Lion King
84.3%
In the jungle, the mighty jungle,...The Lion Sleeps Tonight
82.5%
Wizard of Oz courage receiverCowardly Lion
79%
Goldilocks' acquaintancesThe Three Bears
78.4%
Theme music for 'Rocky III'Eye of the Tiger
76.1%
Novel from the 'The Chronicles of Narnia'The Lion, the Witch, & the Wardrobe
74.3%
Wants YOU to prevent forest firesSmokey Bear
73%
Hanna-Barbera character who pals around with Boo BooYogi Bear
69.5%
NFL team that went 0-16 in 2008Detroit Lions
68.6%
2nd most predatory cartilaginous fishTiger shark
63%
Orange road-side flowerTiger lily
55.2%
Cyclical downturn in the stock marketBear market
49.5%
Clue Guess % Correct
2000 Ang Lee directed movieCrouching Tiger, Hidden Dragon
48.5%
Teen fan magazineTiger Beat
41.4%
Jack Nicklaus nickname The Golden Bear
36.6%
Longtime head coach of U. of Alabama football teamBear Bryant
35.6%
Central Christian commander during the 3rd crusadeRichard the Lionheart
33.9%
Wocka Wocka WockaFozzie Bear
33.5%
Brokerage firm bought by JP Morgan Chase in 2008The Bear Stearns Companies, Inc.
24.3%
Children's literature character who likes marmalade sandwiches and cocoaPaddington Bear
22.5%
Family from the children's book 'The Big Honey Hunt'Berenstain Bears
20.7%
Metal band that sang 'When the Children Cry'White Lion
14.7%
Led 70's Secessionist Campaign Against the Sri Lankan GovernmentLiberation Tigers of Tamil Eelam
12.6%
Canadian film and television companyLions Gate Entertainment
9.2%
Anthony Hopkins motion picture debutThe Lion in Winter
5.9%
American toy manufacturer of the FurbyTiger Electronics
5.6%
Rapid economic growth in Ireland in the 1990sCeltic Tiger
4.5%

You're not logged in!

Compare scores with friends on all Sporcle quizzes.
OR
Log In

Sporcle TV

Today on Sporcle TV


Watch our educational content, quiz creation guides, and fun videos on Sporcle TV.

Show Comments

Extras

Top Quizzes Today


Score Distribution

Your Account Isn't Verified!

In order to create a playlist on Sporcle, you need to verify the email address you used during registration. Go to your Sporcle Settings to finish the process.

Report this User

Report this user for behavior that violates our Community Guidelines.

Details: